Florecillas del glorioso Señor San Francisco y de sus hermanos /
Las Florecillas de San Francisco de Asís constituyen muy probablemente el título más conocido de la bibliografía franciscana. Atribuido a Ugolino de Montegiorgio, el texto narra ciertamente pasajes de la vida del santo, pero es también un homenaje al poverello de Asís en tono de poesía.
Guardado en:
| Hovedforfatter: | |
|---|---|
| Andre forfattere: | |
| Format: | Bog |
| Sprog: | italiensk |
| Udgivet: |
Madrid, España :
Aguilar,
1946, c1946
|
| Serier: | (Crisol ;
182) |
| Fag: | |
| Tags: |
Ingen Tags, Vær først til at tagge denne postø!
|
MARC
| LEADER | 00000nam^a2200000^a^4500 | ||
|---|---|---|---|
| 001 | 000359923 | ||
| 005 | 20250526000000.0 | ||
| 008 | 141030 19461946 | ||
| 009 | 20260310115408.91 | ||
| 037 | |a Acervo ITESO - Biblioteca | ||
| 041 | |a ITA | ||
| 082 | |a 255. 3 |b FRA EST MON | ||
| 100 | |a Montegiorgio, Ugolino di |e (autor) | ||
| 240 | 1 | 1 | |a [Florecillas de San Francisco de Asís] |
| 245 | 1 | 0 | |a Florecillas del glorioso Señor San Francisco y de sus hermanos / |c U. di Montegiorgio ; introd. y tr. por C. de Rivas Cherif. |
| 264 | 4 | |a Madrid, España : |b Aguilar, |c 1946, c1946 | |
| 300 | |a 463 p. ; |c 13.0 cm. | ||
| 336 | |a texto |b txt |2 rdacontenido | ||
| 337 | |a sin mediación |b n |2 rdamedio | ||
| 338 | |a volumen |b nc |2 rdasoporte | ||
| 440 | 1 | |a (Crisol ; |v 182) | |
| 500 | |a Traducción de: I fioretti di San Francesco | ||
| 520 | |a Las Florecillas de San Francisco de Asís constituyen muy probablemente el título más conocido de la bibliografía franciscana. Atribuido a Ugolino de Montegiorgio, el texto narra ciertamente pasajes de la vida del santo, pero es también un homenaje al poverello de Asís en tono de poesía. | ||
| 649 | |a XX | ||
| 650 | |a Santos - |x Biografías | ||
| 650 | |a Franciscanos - |x Biografías | ||
| 650 | |a Franciscanos - |x Historia | ||
| 650 | |a Religiosos Italianos - |x Biografías | ||
| 650 | |a Monasticismo y Ordenes Religiosas - |x Historia | ||
| 650 | |a Iglesia en Italia - |x Historia - |y Siglo XIII | ||
| 650 | |a Iglesia en Italia - |x Historia - |y Alta Edad Media, 1112-1402 | ||
| 650 | |a Iglesia en Italia - |x Historia - |y Edad Media, 476-1402 | ||
| 650 | |a Iglesia - |x Historia - |y Papa, 1198-1216 (Inocencio III) | ||
| 650 | |a Iglesia - |x Historia - |y Papa, 1216-1227 (Honorio III) | ||
| 650 | |a Prosa Poética Italiana | ||
| 650 | |a Literatura Italiana - |y Siglo XIV | ||
| 650 | |a Literatura Italiana - |y Hasta 1400 | ||
| 650 | |a Literatura Medieval - |z Italia | ||
| 650 | |a Literatura Religiosa - |z Italia | ||
| 650 | |a Cristianismo - |x Historia | ||
| 650 | |a Religión - |x Historia | ||
| 650 | |a Francisco, de Asís, |c Santo - |x Tema Principal | ||
| 700 | |a Rivas Cherif, Cipriano de |e (introducción y traducción) | ||
| 910 | |a Fondo Ignacio Díaz Morales | ||
| 920 | |a Impresos - Libros | ||
| 930 | |a Libros Antiguos y Raros | ||
| 940 | |a Arquitectos Jaliscienses | ||
| 905 | |a 108 | ||
| 901 | |a 0500253199 |b IT2 |c LRA |i D58138 |u 20250526 | ||
| 902 | |a https://opac.biblio.iteso.mx/vufind/Record/000359923 | ||